2024 Copa América Goalscorers - Statistics

General Stats
  • This quiz has been taken 40 times
  • The average score is 21 of 49
Answer Stats
Player % Correct
Lionel Messi
100%
Julián Álvarez
96%
Lautaro Martínez
96%
Vinícius Júnior
96%
Christian Pulisic
89%
Federico Valverde
89%
Luis Díaz
89%
James Rodríguez
85%
Darwin Núñez
81%
Jonathan David
81%
Lucas Paquetá
81%
Raphinha
81%
Luis Suárez
78%
Kevin Rodríguez
67%
Michail Antonio
67%
Rodrigo Bentancur
67%
Sávio
63%
Folarin Balogun
59%
Julio Enciso
48%
Daniel Muñoz
44%
Mathías Olivera
44%
Jefferson Lerma
41%
Kendry Páez
33%
Michael Amir Murillo
33%
Salomón Rondón
33%
Davinson Sánchez
30%
Ismaël Koné
30%
Richard Ríos
26%
Facundo Pellistri
22%
Jeremy Sarmiento
22%
Jhon Córdoba
22%
Maximiliano Araújo
22%
Alan Minda
15%
César Blackman
15%
Jacob Shaffelburg
15%
Matías Viña
15%
Miguel Borja
15%
Eduard Bello
11%
Eduardo Guerrero
11%
Gerardo Arteaga
11%
Jhonder Cádiz
11%
José Fajardo
11%
Omar Alderete
11%
Ramón Sosa
11%
Bruno Miranda
7%
César Yanis
7%
Eric Ramírez
7%
Francisco Calvo
7%
Josimar Alcócer
7%
No matching quizzes found
Score Distribution
Percent of People with Each Score
Percentile by Number Answered
Your Score History
You have not taken this quiz